[Event "Challenge"]
[Site "http://www.queenalice.com/game.php?id=958733"]
[Date "2011.7.9"]
[Round "-"]
[White "leoreis"]
[Black "santjoan"]
[Result "1-0"]
[WhiteElo "1873"]
[BlackElo "1863"]

1. e4 e5 2. Nf3 Nc6 3. Bb5 Qf6 4. O-O a6 5. Ba4 b5 6. Bb3 Bb7 7. d3 Bc5 8. Nc3
Nd4 9. Nxd4 Bxd4 10. Ne2 Bc5 11. Be3 Be7 12. f4 exf4 13. c3 Nh6 14. Bxf4 Ng4 15.
Ng3 Qh4 16. h3 Ne3 17. Bxe3 Qxg3 18. Bxf7+ Kd8 19. Bf4 Qh4 20. Qg4 Qxg4 21. hxg4
Rf8 22. Bh2 a5 23. a3 c5 24. Bd5 Bxd5 25. exd5 b4 26. Rxf8+ Bxf8 27. c4 b3 28.
a4 g6 29. Be5 Ra6 30. Rf1 Bd6 31. Bxd6 Rxd6 32. Rf7 h6 33. Rf3 h5 34. gxh5 gxh5
35. Rh3 Rh6 36. g4 h4 37. Kf2 Ke7 38. Kf3 Kf6 39. Kf4 d6 40. g5+ Kg6 41. gxh6
Kxh6 42. Rxh4+ Kg6 43. Rh8 Kf6 44. Ra8 Ke7 45. Kf5 Kd7 46. Kf6 Kc7 47. Ke6 Kb7
48. Rh8 Kc7 49. Rh7+ Kc8 50. Kxd6 Kd8 51. Rh8# 1-0

[Event "Challenge"]
[Site "http://www.queenalice.com/game.php?id=959169"]
[Date "2011.7.11"]
[Round "-"]
[White "santjoan"]
[Black "Kingkila"]
[Result "0-1"]
[WhiteElo "1805"]
[BlackElo "1906"]

1. e4 d5 2. e5 d4 3. Bc4 e6 4. Qg4 Nh6 5. Qf4 Be7 6. Nf3 c5 7. b3 a6 8. Qg3 Nf5
9. Qg4 O-O 10. Bd3 Nh6 11. Qe4 g6 12. h4 Nc6 13. h5 Kg7 14. hxg6 fxg6 15. Nh4
Bxh4 16. Rxh4 Qg5 17. Bxa6 Rxa6 18. Na3 Qxe5 19. d3 Nf5 20. Qxe5+ Nxe5 21. Re4
Nd7 22. Bd2 Rxa3 23. Rxe6 Nf6 24. b4 Bxe6 25. bxc5 Re8 26. g4 Nxg4 27. Bb4 Ra4
28. c3 dxc3 29. Bxc3+ Kf7 30. f3 Nh2 31. Kf2 Bd5 32. Kg2 Re2+ 33. Kh3 Bxf3 34.
d4 Nxd4 35. Kg3 Nf5+ 36. Kh3 Rh4# 0-1

[Event "Challenge"]
[Site "http://www.queenalice.com/game.php?id=959446"]
[Date "2011.7.12"]
[Round "-"]
[White "Vonrunstedt"]
[Black "santjoan"]
[Result "1-0"]
[WhiteElo "1757"]
[BlackElo "1846"]

1. e4 e5 2. f4 exf4 3. Nf3 d5 4. exd5 Qxd5 5. Nc3 Qe6+ 6. Be2 Qg4 7. O-O Bc5+ 8.
d4 Bb6 9. Ne5 Qe6 10. Bc4 Qd6 11. Nxf7 Bxd4+ 12. Kh1 Qc5 13. Bb3 g5 14. Nxh8
Bxc3 15. Qh5+ Kd8 16. bxc3 Bd7 17. Bb2 Kc8 18. Qf7 b6 19. Qxg8+ Kb7 20. Qd5+
Qxd5 21. Bxd5+ Bc6 22. Bxc6+ Nxc6 23. Nf7 Rg8 24. Rfe1 Na5 25. Ba3 Nc4 26. Be7
Ne3 27. Re2 Rg7 28. Bf6 Rxf7 29. Bd4 Nxc2 30. Rxc2 f3 31. gxf3 Rxf3 32. Re2 g4
33. Rae1 h5 34. Re7 h4 35. Be5 Rh3 36. Rxc7+ Ka6 37. Kg2 Rd3 38. Re2 h3+ 39. Kf2
Rf3+ 40. Kg1 Rd3 41. Bg3 Rd1+ 42. Kf2 Rd3 43. c4 Rf3+ 44. Ke1 Rc3 45. Kd2 Ra3
46. Kc1 Rc3+ 47. Kb2 Rd3 48. Ree7 Ka5 49. Be1+ Ka4 50. Rxa7# 1-0

[Event "Challenge"]
[Site "http://www.queenalice.com/game.php?id=962667"]
[Date "2011.7.20"]
[Round "-"]
[White "santjoan"]
[Black "vichid"]
[Result "0-1"]
[WhiteElo "1787"]
[BlackElo "1896"]

1. e4 e5 2. Nf3 d6 3. d4 exd4 4. Qxd4 Nc6 5. Bb5 Bd7 6. Bf4 Nxd4 7. Nxd4 Bxb5 8.
Nxb5 Be7 9. N1c3 Nf6 10. O-O-O O-O 11. g4 a6 12. Nd4 Nxg4 13. Rdf1 Bf6 14. Nde2
b5 15. Nd5 c6 16. Nb4 Rc8 17. Nxa6 Qa5 18. a3 Qxa6 19. Rhg1 b4 20. Bxd6 Qxe2 21.
Bxb4 c5 22. Ba5 Qb5 23. b4 Ra8 24. f3 Rxa5 25. bxa5 Rd8 26. Rxg4 Qb2# 0-1

[Event "snow wolf woofs in summer"]
[Site "http://www.queenalice.com/game.php?id=963449"]
[Date "2011.7.22"]
[Round "-"]
[White "canadianwolf"]
[Black "santjoan"]
[Result "1-0"]
[WhiteElo "1750"]
[BlackElo "1824"]

1. e4 e5 2. Qh5 Nc6 3. c3 g6 4. Qf3 Bh6 5. b4 d6 6. Na3 f5 7. Bc4 Nf6 8. h3 fxe4
9. Qe2 d5 10. Bb5 Bd7 11. g4 Bf4 12. Nc2 h5 13. d4 hxg4 14. Bxc6 g3 15. Bxd7+
Qxd7 16. fxg3 Bxg3+ 17. Kd1 Nh5 18. a4 Bf4 19. Qg4 Qc6 20. Ne2 Ng3 21. Rg1 Nxe2
22. Kxe2 g5 23. dxe5 Qxc3 24. Qe6+ Kf8 25. Qf6+ Kg8 26. Bxf4 Qxc2+ 27. Bd2 Qd3+
28. Ke1 Rh5 29. Qg6+ Kf8 30. Qxh5 Ke7 31. Qxg5+ Kd7 32. Qf5+ Kc6 33. Qe6# 1-0

[Event "Challenge"]
[Site "http://www.queenalice.com/game.php?id=964001"]
[Date "2011.7.23"]
[Round "-"]
[White "jorm"]
[Black "santjoan"]
[Result "1-0"]
[WhiteElo "1846"]
[BlackElo "1777"]

1. e4 e5 2. Nf3 Nc6 3. Nc3 d5 4. exd5 e4 5. Nxe4 Qxd5 6. Nc3 Qe6+ 7. Be2 Qg6 8.
Bf1 Bb4 9. a3 Bxc3 10. bxc3 Nf6 11. h3 O-O 12. Ng1 Be6 13. d3 Rae8 14. Be3 Nd5
15. Ne2 f5 16. Nf4 Nxf4 17. Bxf4 Bd5+ 18. Kd2 Bxg2 19. Rg1 Ne7 20. Bxg2 Qb6 21.
Qf3 Qc5 22. Be3 Qe5 23. Bf4 Qa5 24. Qxb7 Ng6 25. Bxc7 Qc5 26. Qd5+ Qxd5 27.
Bxd5+ Kh8 28. Rae1 Rc8 29. Bh2 Rfd8 30. Be6 Rc5 31. Bf7 Nh4 32. Bh5 g6 33. Bd1
Ra5 34. Bc7 Rdd5 35. Bxa5 Rxa5 36. Re7 Rxa3 37. Rb7 h6 38. Re1 Ra1 39. Re8# 1-0

[Event "Challenge"]
[Site "http://www.queenalice.com/game.php?id=965169"]
[Date "2011.7.26"]
[Round "-"]
[White "Andrei_78"]
[Black "santjoan"]
[Result "1-0"]
[WhiteElo "1720"]
[BlackElo "1806"]

1. e3 d5 2. d4 e6 3. Nf3 b6 4. Ne5 Bd6 5. Bb5+ Nd7 6. Qf3 f5 7. O-O Bxe5 8. dxe5
Nh6 9. Bc6 Rb8 10. h3 O-O 11. a3 Nc5 12. Nc3 d4 13. Rd1 d3 14. cxd3 Nxd3 15. Bb5
Nxe5 16. Qf4 Qf6 17. Ne2 Bb7 18. Nd4 Qg6 19. f3 Rbd8 20. Qxe5 Bxf3 21. Rd2 Nf7
22. Nxf3 Nxe5 23. Nxe5 1-0

[Event "Challenge"]
[Site "http://www.queenalice.com/game.php?id=966092"]
[Date "2011.7.28"]
[Round "-"]
[White "Andrei_78"]
[Black "santjoan"]
[Result "1-0"]
[WhiteElo "1699"]
[BlackElo "1827"]

1. e4 Nc6 2. a3 Nf6 3. d3 e5 4. h3 d5 5. exd5 Qxd5 6. Nc3 Qd4 7. Be3 Qh4 8. Qf3
g6 9. g3 Qh5 10. Qxf6 Rg8 11. Be2 Qf5 12. Qxf5 Bxf5 13. Nf3 b6 14. g4 Be6 15.
O-O-O a6 16. d4 exd4 17. Nxd4 Nxd4 18. Rxd4 Bg7 19. Rd2 b5 20. Bf3 Rb8 21. Ba7
1-0

[Event "Challenge"]
[Site "http://www.queenalice.com/game.php?id=966228"]
[Date "2011.7.29"]
[Round "-"]
[White "santjoan"]
[Black "albertopontello"]
[Result "0-1"]
[WhiteElo "1827"]
[BlackElo "1977"]

1. e4 e5 2. Nf3 Nc6 3. Bb5 Nd4 4. Nxd4 exd4 5. e5 Qg5 6. O-O Nh6 7. Qe2 c6 8. d3
Qh4 9. Bc4 g6 10. Bxh6 Bxh6 11. Qf3 O-O 12. Re1 b5 13. Bb3 Bb7 14. Nd2 Bxd2 15.
Re4 Qg5 16. Rxd4 d5 17. Qh3 Qxe5 18. Rh4 Rae8 19. Rf1 Qe1 20. g3 Bc8 21. g4 Qe2
22. c3 h5 23. f3 Be3+ 24. Kh1 Bg5 25. Rg1 Bxh4 26. Qxh4 Qxf3+ 27. Rg2 Bxg4 28.
d4 Qf1+ 29. Rg1 Bf3# 0-1

[Event "Challenge"]
[Site "http://www.queenalice.com/game.php?id=968406"]
[Date "2011.8.3"]
[Round "-"]
[White "santjoan"]
[Black "betofortaleza"]
[Result "1-0"]
[WhiteElo "1809"]
[BlackElo "1850"]

1. e4 e5 2. Qh5 Qf6 3. Nf3 d6 4. b3 Nh6 5. Bc4 g6 6. Qh4 Qxh4 7. Nxh4 Be7 8. Nf3
Bg4 9. Be2 a6 10. d4 Bxf3 11. Bxf3 exd4 12. Bxh6 Nd7 13. Bg7 Rg8 14. Bxd4 O-O-O
15. a4 Ne5 16. Be2 Bf6 17. O-O c5 18. Bc3 Rge8 19. Nd2 h5 20. Rab1 b5 21. axb5
axb5 22. Ba5 b4 23. Ba6+ Kb8 24. Bxd8 Rxd8 25. Nc4 Ka7 26. Ra1 Nxc4 27. Bxc4+
Bxa1 28. Rxa1+ Kb8 29. Bxf7 Rf8 30. Bxg6 Rf4 31. h3 h4 32. Re1 Rf6 33. Be8 Re6
34. Bc6 Kc7 35. Bd5 Re7 36. f4 Rg7 37. f5 Rg3 38. f6 Kd7 39. f7 Ke7 40. e5 dxe5
41. Rxe5+ 1-0

[Event "Challenge"]
[Site "http://www.queenalice.com/game.php?id=969363"]
[Date "2011.8.6"]
[Round "-"]
[White "Kingkila"]
[Black "santjoan"]
[Result "1-0"]
[WhiteElo "1924"]
[BlackElo "1788"]

1. e4 e5 2. Bc4 Nc6 3. Nf3 Nf6 4. d3 Bc5 5. Bg5 h6 6. Bh4 g5 7. Bg3 d6 8. Bb5
Bd7 9. a3 Nd4 10. Bxd7+ Qxd7 11. Nxd4 Bxd4 12. c3 Bb6 13. Nd2 Qb5 14. Qc2 Ng4
15. O-O h5 16. h3 h4 17. Bh2 Bxf2+ 18. Rxf2 Nxf2 19. Kxf2 Qb6+ 20. Kf1 O-O-O 21.
Bg1 Qb5 22. c4 Qd7 23. Qd1 f5 24. exf5 Qxf5+ 25. Qf3 Qg6 26. Qg4+ Kb8 27. Ne4
Rhf8+ 28. Ke1 Rf5 29. Kd2 d5 30. cxd5 Rxd5 31. Be3 Rd4 32. Bxd4 exd4 33. Rc1 a6
34. Rc4 Qe6 35. Rxd4 Qe5 36. Rd8+ Ka7 37. Kc2 c6 38. Qe2 Qe7 39. Rg8 c5 40. Qd2
b6 41. Nxg5 a5 42. Nf3 Rd5 43. b3 a4 44. Rg4 axb3+ 45. Kxb3 Qe6 46. Kc2 Rd6 47.
Kb2 Qf6+ 48. Qc3 Qe6 49. Re4 Qg8 50. Nxh4 Rh6 51. Qe5 Qd8 52. Qg7+ Ka6 53. Qxh6
Qxd3 54. Qe3 Qb5+ 55. Qb3 Qc6 56. Qd3+ Ka5 57. Qc3+ Ka6 58. Qc2 b5 59. Rg4 Qf6+
60. Kb1 Qf1+ 61. Kb2 Qf6+ 62. Qc3 Qf2+ 63. Kc1 Qf1+ 64. Kc2 Qf2+ 65. Qd2 Qf7 66.
Qd6+ Ka5 67. Qd8+ Ka6 68. Rg6+ Kb7 69. Rb6+ Ka7 70. Qb8# 1-0

[Event "Challenge"]
[Site "http://www.queenalice.com/game.php?id=971069"]
[Date "2011.8.10"]
[Round "-"]
[White "santjoan"]
[Black "plot24"]
[Result "0-1"]
[WhiteElo "1738"]
[BlackElo "1687"]

1. e4 e5 2. Nc3 d6 3. d4 Nd7 4. d5 c6 5. dxc6 bxc6 6. Nf3 Ngf6 7. b3 Be7 8. Bg5
Qa5 9. Bd2 Nc5 10. Nd5 Qd8 11. Nxf6+ Bxf6 12. Bd3 O-O 13. h4 Bg4 14. Qe2 Bxh4
15. Qe3 Bxf3 16. Qxf3 Qf6 17. Qxf6 Bxf6 18. Bc4 Nxe4 19. Bd3 Nxd2 20. Kxd2 e4
21. Bxe4 Bxa1 22. Bxh7+ Kh8 23. Be4+ Kg8 24. Rxa1 d5 25. Bf5 Rad8 26. Rh1 g6 27.
Bg4 Kg7 28. c3 c5 29. Kc2 a5 30. Bf3 Rd7 31. a3 Rfd8 32. Rb1 d4 33. b4 dxc3 34.
Kxc3 cxb4+ 35. axb4 Rc8+ 36. Kb3 axb4 37. Ra1 Rb8 38. Ra4 Rd2 39. Ra2 Rxa2 40.
Kxa2 Kf6 41. Bd5 Ke7 42. Kb3 f5 43. f4 Rb6 44. Bc4 Kf6 45. Bd5 Rd6 46. Bc4 Rd4
47. g3 g5 48. fxg5+ Kxg5 49. Be2 Rg4 50. Bb5 Re4 51. Bd7 Re3+ 52. Kxb4 Rxg3 53.
Bxf5 Kxf5 54. Kc5 Re3 55. Kd6 Re5 56. Kc6 Ke6 57. Kb6 Kd7 58. Kb7 Re6 59. Kb8
Rb6+ 60. Ka7 Kc7 61. Ka8 Ra6# 0-1

[Event "Challenge"]
[Site "http://www.queenalice.com/game.php?id=982472"]
[Date "2011.9.7"]
[Round "-"]
[White "albemo"]
[Black "santjoan"]
[Result "1-0"]
[WhiteElo "1848"]
[BlackElo "1750"]

1. f4 d6 2. Nf3 Nc6 3. e3 e5 4. fxe5 dxe5 5. Nc3 Bb4 6. Bc4 Bxc3 7. bxc3 e4 8.
Nd4 Ne5 9. Bb3 Qg5 10. O-O Nh6 11. Ba3 Nf5 12. Rf2 Nxd4 13. exd4 Nf3+ 14. Kh1
Bg4 15. Qe2 Nxd2 16. Qxd2 Qa5 17. Bxf7+ Kd7 18. Bb2 Rad8 19. Qf4 h5 20. d5 Qb6
21. Be6+ Bxe6 22. dxe6+ Qxe6 23. Qf7+ Qxf7 24. Rxf7+ Kc8 25. Re7 Rd2 26. Rc1 Re2
27. c4 Rf8 28. Be5 Kd8 29. Rxg7 Ref2 30. Kg1 e3 31. Bxc7+ Kc8 32. Bg3 R2f5 33.
Rc7+ Kd8 34. Rd1+ Ke8 35. Rc8+ Kf7 36. Rxf8+ Kxf8 37. Rf1 Rxf1+ 38. Kxf1 Ke7 39.
Ke2 Kd7 40. Kxe3 Kc6 41. Kd4 Kb6 42. Bh4 Ka5 43. h3 Ka4 44. g4 hxg4 45. hxg4 Ka3
46. g5 a5 47. g6 Kxa2 48. g7 a4 49. g8=Q Kb2 50. Qb8 a3 51. Qxb7+ Kxc2 52. c5 a2
53. Qa6 Kb2 54. Qxa2+ Kxa2 55. c6 Kb2 56. Kd3 Kb3 57. c7 Kb4 58. c8=Q Kb5 59.
Bf2 Ka5 60. Kc4 Ka4 61. Qa8# 1-0

[Event "Challenge"]
[Site "http://www.queenalice.com/game.php?id=984476"]
[Date "2011.9.12"]
[Round "-"]
[White "santjoan"]
[Black "loicrclens"]
[Result "0-1"]
[WhiteElo "1753"]
[BlackElo "1879"]

1. e4 e6 2. d4 d5 3. e5 c5 4. Nf3 Qb6 5. b3 Nc6 6. g3 Bd7 7. Bg2 Nh6 8. Bb2 Nf5
9. Bh3 Nfxd4 10. Bxd4 Nxd4 11. Nxd4 cxd4 12. O-O Be7 13. Qg4 O-O 14. Nd2 Rac8
15. Rfc1 Ba3 16. Rd1 Rxc2 17. Nf3 Rfc8 18. Nxd4 R2c7 19. Nf3 Rc2 20. Nd4 R2c7
21. Nf3 Rc2 22. Rf1 Bc5 23. Kh1 Bxf2 24. Ng5 h6 25. Nxf7 Kxf7 26. Qh5+ Kg8 27.
Qg6 Rf8 28. Rad1 Rxa2 29. Rxd5 exd5 30. Qxb6 axb6 31. Bxd7 Bc5 32. Be6+ Kh8 33.
Rxf8+ Bxf8 34. Bxd5 Ra5 35. Bxb7 Rxe5 36. h3 Re3 37. g4 Rxh3+ 38. Kg2 Rxb3 39.
Kf2 Rc3 40. Ba6 Ra3 41. Bc4 Bc5+ 42. Kg2 g5 43. Bf1 Kg7 44. Bb5 Kf6 45. Bd7 Ke5
46. Be8 Ra2+ 47. Kf3 Rb2 48. Bg6 b5 49. Bd3 b4 50. Be4 b3 51. Bh7 Rd2 52. Bg6 b2
53. Bf5 Rd1 54. Bc2 Rc1 55. Bd3 b1=Q 56. Bxb1 Rxb1 57. Kg3 Rb3+ 58. Kg2 Kf4 59.
Kf1 Rb2 60. Ke1 Ke3 61. Kf1 Kf3 62. Ke1 Ke3 63. Kf1 Kf3 64. Ke1 Kxg4 65. Kf1 h5
66. Ke1 h4 67. Kd1 h3 0-1

[Event "Challenge"]
[Site "http://www.queenalice.com/game.php?id=984751"]
[Date "2011.9.13"]
[Round "-"]
[White "santjoan"]
[Black "AlmeidaChess"]
[Result "0-1"]
[WhiteElo "1732"]
[BlackElo "1824"]

1. e4 e5 2. Nf3 Nc6 3. Bb5 a6 4. Bxc6 dxc6 5. Nxe5 Qd4 6. Nxf7 Qxe4+ 7. Qe2
Qxe2+ 8. Kxe2 Kxf7 9. Re1 Nf6 10. h3 Bc5 11. Kf1 Be6 12. d3 Rhe8 13. a3 Rad8 14.
Bf4 Bd6 15. Bg5 h6 16. Be3 Nd5 17. c4 Nxe3+ 18. Rxe3 Bf5 19. Rf3 Kg6 20. Nc3 Be5
21. Nd1 Rxd3 22. Rxd3 Bxd3+ 23. Kg1 Bxc4 24. Rc1 Bd5 25. Rc2 Rf8 26. Re2 Bd4 27.
Re7 Rf7 28. Re8 Bb3 29. Ne3 Bxe3 30. Rxe3 Bd5 31. g4 Rf3 32. Re7 Rxh3 33. Kf1
Rh1+ 34. Ke2 Rb1 35. Rxc7 Rxb2+ 36. Kf1 Bf3 37. g5 h5 38. Kg1 h4 39. Re7 h3 40.
Re3 Bg2 41. Rg3 b5 42. Rc3 Kxg5 43. Rg3+ Kf4 44. Rxg7 Rb1+ 45. Kh2 Rh1# 0-1

[Event "Challenge"]
[Site "http://www.queenalice.com/game.php?id=984752"]
[Date "2011.9.13"]
[Round "-"]
[White "betofortaleza"]
[Black "santjoan"]
[Result "1-0"]
[WhiteElo "1811"]
[BlackElo "1764"]

1. e4 c5 2. Bc4 e5 3. Nf3 d6 4. Nc3 Bg4 5. h3 Bd7 6. d3 a6 7. Bd5 Ra7 8. Ng5 Nh6
9. O-O Be7 10. Nf3 Bh4 11. Be3 Qc8 12. Nxh4 Bxh3 13. Bxh6 gxh6 14. Qf3 b6 15.
gxh3 Rg8+ 16. Kh2 Nc6 17. Rg1 Rf8 18. Rg7 Nd4 19. Qf6 Rd7 20. Rag1 Qd8 21. Qxh6
Nxc2 22. Rg8 Qe7 23. Nf5 Rd8 24. Nxe7 Kxe7 25. R8g7 Kd7 26. Rxf7+ Rxf7 27. Qe6+
Kc7 28. Qxf7+ Rd7 29. Qf8 Nb4 30. Rg8 Nc6 31. Qc8# 1-0

[Event "Challenge"]
[Site "http://www.queenalice.com/game.php?id=984753"]
[Date "2011.9.13"]
[Round "-"]
[White "santjoan"]
[Black "Vonrunstedt"]
[Result "0-1"]
[WhiteElo "1738"]
[BlackElo "1813"]

1. e4 e5 2. Nf3 Nc6 3. Bb5 a6 4. Bxc6 dxc6 5. Nxe5 Qd4 6. Qh5 Qxe4+ 7. Kd1 Be6
8. Re1 Nf6 9. Qg5 Qd4 10. f4 Ne4 11. Qh5 Nf2+ 12. Ke2 Qxf4 13. d3 Qf6 14. Rf1
Bc5 15. Be3 Bxe3 16. Kxe3 Ng4+ 17. Qxg4 Qxf1 18. Qxg7 O-O-O 19. Nf3 Bd5 20. b3
Rhe8+ 21. Ne5 f6 22. Qg4+ Kb8 23. Kd2 Rxe5 24. Kc3 Qe1+ 25. Kb2 Qf2 26. Nc3 Rde8
27. Qd7 Qxg2 28. d4 R5e7 29. Qf5 Be4 30. Nxe4 Rxe4 31. Qxh7 Re2 32. Rc1 Qf2 33.
h4 Qxd4+ 34. Kb1 Re1 35. Qh5 Rxc1+ 36. Kxc1 Re1+ 37. Qd1 Rxd1# 0-1

[Event "Challenge"]
[Site "http://www.queenalice.com/game.php?id=988247"]
[Date "2011.9.21"]
[Round "-"]
[White "santjoan"]
[Black "jorm"]
[Result "1-0"]
[WhiteElo "1745"]
[BlackElo "1864"]

1. e4 e5 2. Nf3 d6 3. Nc3 a6 4. d4 Nd7 5. d5 h6 6. Na4 Ngf6 7. Bd3 b5 8. Nc3 Bb7
9. b4 c6 10. dxc6 Bxc6 11. Be3 d5 12. exd5 Nxd5 13. Nxd5 Bxd5 14. Bf5 Bxb4+ 15.
Bd2 Bd6 16. Bc3 Bxf3 17. gxf3 Qe7 18. Qd5 O-O 19. Rd1 Nb6 20. Qc6 Nc4 21. Bd3
Rfc8 22. Qe4 g6 23. h4 h5 24. Rg1 Qe6 25. Ra1 Nb6 26. Kd2 f5 27. Qe3 Nd5 28. Qh6
Ne7 29. f4 Rc5 30. Rg5 Qf7 31. Rag1 Qh7 32. Rxg6+ Nxg6 33. Rxg6+ Kh8 34. Rxd6
Qxh6 35. Rxh6+ Kg7 36. Rxh5 Kg6 37. Rxf5 Kh6 38. Bxe5 Rg8 39. Be2 Rd5+ 40. Ke3
1-0

[Event "Challenge"]
[Site "http://www.queenalice.com/game.php?id=991745"]
[Date "2011.9.30"]
[Round "-"]
[White "albemo"]
[Black "santjoan"]
[Result "0-1"]
[WhiteElo "1947"]
[BlackElo "1720"]

1. Nf3 Nc6 2. g3 e5 3. e4 Nf6 4. Nc3 Bb4 5. d3 h6 6. Bd2 Qe7 7. Nb5 Bxd2+ 8.
Qxd2 Qd8 9. Be2 d5 10. exd5 Nxd5 11. O-O-O Qe7 12. Rhe1 O-O 13. Nh4 Qc5 14. d4
Qb6 15. dxe5 Be6 16. Kb1 Qxf2 17. c4 Ne3 18. Rc1 Rac8 19. Nf3 Bg4 20. Ng1 Nxe5
21. Rc3 N5xc4 22. Qc1 Bf5+ 23. Bd3 Rcd8 24. Bxf5 Qxf5+ 25. Ka1 Qxb5 26. Rexe3
Nxe3 27. Rxe3 Rd5 0-1

[Event "Challenge"]
[Site "http://www.queenalice.com/game.php?id=995210"]
[Date "2011.10.9"]
[Round "-"]
[White "albemo"]
[Black "santjoan"]
[Result "1-0"]
[WhiteElo "1835"]
[BlackElo "1766"]

1. c4 e6 2. Nc3 d5 3. cxd5 exd5 4. d4 Bb4 5. Bd2 Nc6 6. Nf3 Bg4 7. e3 a6 8. Be2
Nf6 9. O-O Bxc3 10. Bxc3 Ne4 11. Rc1 h5 12. Nd2 Qg5 13. Nf3 Qg6 14. Nh4 Qg5 15.
Nf3 Bxf3 16. Bxf3 f5 17. Qb3 O-O-O 18. Rc2 f4 19. exf4 Qxf4 20. Bxe4 Qxe4 21.
Re1 Qf5 22. Rce2 h4 23. h3 g5 24. f3 Qf4 25. Qa4 b5 26. Qxa6+ Kd7 27. Re7+ Nxe7
28. Qe6+ Ke8 29. Qxe7# 1-0

[Event "Challenge"]
[Site "http://www.queenalice.com/game.php?id=995432"]
[Date "2011.10.9"]
[Round "-"]
[White "santjoan"]
[Black "albemo"]
[Result "0-1"]
[WhiteElo "1742"]
[BlackElo "1882"]

1. d4 d5 2. Nf3 Nf6 3. e3 e6 4. a3 Be7 5. Bd3 O-O 6. Qe2 c5 7. Ng5 h6 8. h4 cxd4
9. exd4 Nc6 10. Nh7 Nxh7 11. Bxh6 Nxd4 12. Qg4 Bf6 13. Bg5 e5 14. Qh5 Bf5 15.
Bxf5 Nxf5 16. Bxf6 Qxf6 17. Qg4 Nd4 18. Qd1 Rac8 19. c3 Nf5 20. Qxd5 Rfd8 21.
Qxb7 Nxh4 22. Nd2 Rb8 23. Qe4 Ng6 24. O-O-O Nf4 25. Qxh7+ Kf8 26. Ne4 Qb6 27.
Rxd8+ Rxd8 28. Qh8+ Ke7 29. Qxg7 Nd3+ 30. Kd2 Nxf2+ 31. Kc2 Nxh1 32. Qxe5+ Qe6
33. Qg5+ f6 34. Qc5+ Ke8 35. Qb5+ Kf8 36. Qb4+ Qe7 37. Nxf6 Qxb4 38. axb4 Ng3
39. c4 Kf7 40. Ng4 Ke6 41. Kc3 Kf5 42. Ne3+ Ke4 43. Nc2 Rd3# 0-1

[Event "Challenge"]
[Site "http://www.queenalice.com/game.php?id=995693"]
[Date "2011.10.10"]
[Round "-"]
[White "spin"]
[Black "santjoan"]
[Result "1-0"]
[WhiteElo "1582"]
[BlackElo "1720"]

1. e3 d5 2. Qf3 e5 3. e4 d4 4. c3 a6 5. Qh5 Qf6 6. d3 Nc6 7. Bg5 Qd6 8. Qf3 Nb4
9. Na3 h6 10. Bxh6 Rxh6 11. cxb4 Qxb4+ 12. Kd1 Qxb2 13. Nc2 Rc6 14. Rc1 Ba3 15.
Ne2 Qxa2 16. Nxa3 Qxa3 17. Rxc6 bxc6 18. Nc1 Rb8 19. Qh5 Rb1 20. Qxe5+ Ne7 21.
Qc5 a5 22. Qxa3 Ng6 23. Qxa5 Kd8 24. Qc5 f6 25. Qxd4+ Bd7 26. g3 1-0